000 00302nam a22001217a 4500
082 _a340.0941
_bHAL
245 _aHalsbury's Laws of England /
_cEditor Kenneth Mugford
250 _aFourth Edition.
260 _aLondon :
_bButterworths,
_c1980.
300 _c25 cm.
563 _aHB.
942 _2ddc
_cBK
999 _c616168
_d616168